000 01112nam a22002417a 4500
005 20091001155545.0
008 080929t xxu||||| |||| 00| 0 eng d
010 _aB-359022
020 _a9780099493440
_c£5.75 485.80
035 _aB-359022
037 _bGDMK
040 _adpl
_bEnglish
082 _a327.54041
100 _aHerman, Arthur
245 _aGandhi and Churchill :
_bthe epic rivalary that destroyed an empire and forged our age /
_cby Arthur Herman
260 _aLondon
_bArrow Books
_c2009
270 _a 20 Vauxall Bridge Road,
_bLondon
_eSW1V2SA
300 _aix,721p.:
_c24cm. (pbk)
_bb&w photos
500 _aincludes bibliographical references and index
942 _2ddc
_cEN
_h327.54041
_mHER
999 _c30745
_d30745